| 000 | 01165nam a2200253Ia 4500 | ||
|---|---|---|---|
| 999 |
_c53508 _d53508 |
||
| 001 | 20554 | ||
| 003 | GE_BSU | ||
| 005 | 20210215152337.0 | ||
| 008 | 181216s1993||||ge |||||||||||||| ||geo|| | ||
| 040 | _cGE_BSU | ||
| 041 | _ageo | ||
| 080 | _a811.353.1-8(075.8) კ-44 | ||
| 100 |
_aკვაჭაძე, ლეო _98939 |
||
| 245 |
_aქართული ენა : _bსახელმძღ. პედ. ინ-ტებისა და ფილოლოგიის სტუდ. / _cლეო კვაჭაძე ; რედ. : გ. კვარაცხელია ; მხატ. : დ. მეტრეველი. |
||
| 250 | _aმე-4 შესწ. გამოც. | ||
| 264 |
_aთბილისი, _bრუბიკონი, _c1993. |
||
| 300 |
_a311 გვ. ; _c20 სმ. |
||
| 541 | _h? (ფასი კუპონებზეა) | ||
| 653 | _aქართული ენა | ||
| 653 | _aსახელმძღვანელო | ||
| 700 |
_aკვარაცხელია, გ. _eრედაქტორი _910123 |
||
| 700 |
_aმეტრეველი, დ. _eმხატვარი _910124 |
||
| 942 |
_cBK _2udc |
||